000 00602nam a2200217Ia 4500
001 dia_6619
003 CHAP
008 220117s1967 xx 000 0 und d
010 _a178848
040 _cCHAP
090 _aF 48 1967
100 _aShedd, C. K.
_9105579
245 _aManejo y almacenamiento de maíz suave en la granja /
_c C. K. Shedd y J. R. McCalmont
260 _aMéxico :
_b Centro Regional de Ayuda Técnica,
_c1967
901 _aF 48 1967
902 _aM
905 _a0000001967 MX 0000000000SPA00
942 _c12
942 _c12
999 _c178848
_d178848